000 01025cam a2200193 4500
001 ##L134962
008 060913n2006 000 0 eng u
035 _a(Sirsi) u134962
041 0 _aeng
110 2 _aRoyal Institution of Chartered Surveyors
_bProperty Management Group
_95040
245 0 0 _aLimiting liability in commercial property management contracts
260 _aLondon
_bRICS
_c2006
520 _aExplains the principles of liability relating to commercial property management contracts and how liability should be addressed in standard contracts. Includes sample model clauses and examples. The information paper is appropriate for those acting as the landlord's agent in relation to commercial properties based in England and Wales.
590 _aIKA190906
651 4 _aEngland and Wales
_y1543-
690 _aPROPERTY-COMMERCIAL PROPERTY-COMMERCIAL PROPERTY MANAGEMENT
856 4 0 _uhttps://www.rics.org/site/download_feed.aspx?fileID=3674
_zView the item free of charge at www.rics.org...
942 _n0
999 _c105865
_d105865